000 00654nam a2200289Ia 4500
005 20260324134103.0
008 008 260324s9999 xx 000 0 eng d
020 _a9780203416990
037 _aEBOOK
040 _aCRL
040 _beng
040 _cCRL
041 _2eng
041 _aeng
084 _qCRL
100 _aSally Brown; Phil Race
_91195519
245 0 _aLecturing
245 2 _bA Practical Guide
260 _bTaylor and Francis
260 _c2002
365 _a
365 _b230
856 _uhttp://www.taylorfrancis.com/books/9780203416990
942 _cEBOOK
999 _c1795215
_d1795215